Evaluación de los egresados de diversos niveles de la escuela de planificación y promoción social

Spremljeno u:
Bibliografski detalji
Autor kompanije: UNA. Escuela de Planificación y Promoción Social
Format: Tekst
Izdano: Heredia: Universidad Nacional
Oznake: Dodaj oznaku
Bez oznaka, Budi prvi tko označuje ovaj zapis!

MARC

LEADER 00000 a a2200000 04500
001 15473
003
040
090 |a EXTRAVIADO  
110 |a UNA. Escuela de Planificación y Promoción Social  
245 |a Evaluación de los egresados de diversos niveles de la escuela de planificación y promoción social  
260 |a Heredia:   |b Universidad Nacional  
300 |a 12 p.  
999 |c 13253  |d 13253